Statistics for Landlocked Countries

Click here to take the quiz!

General Stats

  • This quiz has been taken 67 times
    (29 since last reset)
  • The average score is 37 of 48

Answer Stats

NumberArea in square kilometersCountry% Correct
1,098,600Bolivia
88%
1,566,500Mongolia
88%
406,750Paraguay
88%
41,300Switzerland
88%
2447,400Uzbekistan
88%
40.44Vatican City
88%
470Andorra
85%
83,900Austria
85%
623,000Central African Republic
85%
78,900Czech Rep.
85%
1, 22,724,900Kazakhstan
85%
430,400Lesotho
85%
25,700Macedonia
85%
1,240,200Mali
85%
26,300Rwanda
85%
460San Marino
85%
49,000Slovakia
85%
1488,100Turkmenistan
85%
186,600Azerbaijan
81%
207,600Belarus
81%
38,400Bhutan
81%
27,800Burundi
81%
1,284,000Chad
81%
93,000Hungary
81%
160Liechtenstein
81%
118,400Malawi
81%
147,200Nepal
81%
1,267,000Niger
81%
619,750South Sudan
81%
17,400Swaziland
81%
143,100Tajikistan
81%
241,000Uganda
81%
652,200Afghanistan
77%
582,000Botswana
77%
200,000Kyrgyzstan
77%
236,800Laos
77%
2,600Luxembourg
77%
33,800Moldova
77%
752,600Zambia
77%
390,750Zimbabwe
77%
29,740Armenia
73%
274,200Burkina Faso
73%
311,000Kosovo
73%
88,400Serbia
73%
1,104,100Ethiopia
69%
34,200Transnistria
19%
311,500Nagorno-Karabakh Rep.
15%
33,900South Ossetia
15%

Score Distribution

Percentile by Number Answered

Percent of People with Each Score

Your Score History

You have not taken this quiz since the last reset